| 000 | 00727nam a2200241Ia 4500 | ||
|---|---|---|---|
| 005 | 20260121112825.0 | ||
| 008 | 9083 260114s9999 xx 000 0 eng d | ||
| 020 | _a9789812810175 | ||
| 037 | _aEBOOK | ||
| 040 |
_aCRL _beng _cCRL |
||
| 041 |
_aeng _2eng |
||
| 084 | _qCRL | ||
| 100 |
_aConnell S H & Tegen R _9963789 |
||
| 245 | 0 | _aFundamental and Applied Aspects of Modern Physics, Proceedings of the Intl Conf on Fundamental and Applied Aspects of Modern Physics | |
| 260 | _bWorld Scientific | ||
| 260 | _bWSPC | ||
| 260 | _c2001 | ||
| 650 |
_aPhysics _9963790 |
||
| 856 | _uhttps://www.worldscientific.com/worldscibooks/10.1142/4671#t=toc | ||
| 942 | _cEBOOK | ||
| 999 |
_c1546383 _d1546383 |
||